Luchas del movimiento obrero hondureño

Gorde:
Xehetasun bibliografikoak
Egile nagusia: Posas Amador, Mario
Formatua: Texto
Argitaratua: San José: EDUCA
Etiketak: Etiketa erantsi
Etiketarik gabe, Izan zaitez lehena erregistro honi etiketa jartzen!

MARC

LEADER 00000 a a2200000 04500
001 23869
003
040
020 |a 84-8360-233-4  
090 |a 164400  
100 |a Posas Amador, Mario  
245 |a Luchas del movimiento obrero hondureño  
260 |a San José:   |b EDUCA  
300 |a 275 p; 2 copias   |b **no definido**   |b fonodiscos   |b map.  
999 |c 8289  |d 8289